000 00759nam a2200229 a 4500
001 000023145
005 20200930022022.0
008 101129s1991 sp r 000 f spa d
020 _a8423320456
040 _aDO-SdBNP
_bspa
_cBNPHU
082 _a863.64
_bR558c
100 1 _aRiera, Carme,
_c1949-
_947658
245 1 0 _aContra el amor en compañía :
_by otros cuentos /
_cCarmen Riera.
260 _aBarcelona, (España) :
_bDestino,
_c1991.
300 _a216, [1] p. ;
_c20 cm.
490 1 _aÁncora y delfín
_v673
500 _aIncluye datos biográficos del autor en la solapa de la contracubierta.
650 4 _aNovela española
_91123
650 4 _aLiteratura española
_ySIGLO XX
_93326
830 0 _aÁncora y delfín ;
_v673
_94704
049 _aBNGR
999 _c22642
_d22642